000
00496nam a2200157Ia 4500
008
151213s9999 xx 000 0 und d
100
_a
শ্বঙ্খ ঘোষের
245
_a
শেষ্ঠ কবিতা
_c
শ্বঙ্খ ঘোষের
250
_a
১ম সং
260
_a
ঢাকা
_b
দে’জ পাবলিশার
_c
1970
300
_a
8366 p.
650
_a
Bangla
650
_a
কবিতা
700
_a
শ্বঙ্খ ঘোষের
999
_c
4206
_d
4206